000 01191pam a2200337 a 4500
001 016014791
003 OSt
005 20141203124330.0
008 120117t2013 xxka frbd 001 0 eng d
020 _a9780273767183 (pbk.)
020 _a0273767186 (pbk.)
040 _aStDuBDS
_beng
_cStDuBDS
_dUkOxU
_dUk
_dEG-ScBUE
082 0 0 _a658.8
_222
_bARM
100 1 _aArmstrong, Gary
_qGary M.)
_913696
245 1 0 _aMarketing :
_ban introduction /
_cGary Armstrong, Philip Kotler.
250 _a11th ed.,
_bGlobal ed.
260 _aHarlow, United Kingdom :
_bPearson Education Limited,
_cc.2013.
300 _a[Various pagings] :
_bill. (col.) ;
_c28 cm.
490 0 _aAlways learning
500 _aIncludes appendixes.
500 _aIncludes glossary.
500 _aIncludes index.
500 _aIncludes student access code inside : my marketing lab-ISBN 0273767240,9780273767244.
504 _aIncludes bibliographical references.
650 0 _aMarketing
_vTextbooks
_936083
653 _bBUSADM
_bCOMAME
_cSeptember2014
_cDecember2014
655 _vtext book
_933728
690 7 _aManagement and Business Studies
_2blcoll
700 1 _aKotler, Philip
_99038
942 _2ddc
_k658.8 ARM
999 _c18388
_d18360